[Event "CZE-chT2B 2223"]
[Site "Czech Republic"]
[Date "2023.03.26"]
[Round "11.5"]
[White "Vondra, Zbynek"]
[Black "Vicar, Petr"]
[Result "1-0"]
[WhiteElo "2087"]
[BlackElo "2119"]
[PlyCount "95"]
[EventDate "2022.10.16"]
[EventType "team-tourn"]
[EventRounds "11"]
[EventCountry "CZE"]
[SourceTitle "EXT 2024"]
[Source "ChessBase"]
[SourceDate "2023.10.10"]
[SourceVersion "1"]
[SourceVersionDate "2023.10.10"]
[SourceQuality "1"]
[WhiteTeam "Kladno"]
[BlackTeam "Pankrac II"]
[WhiteTeamCountry "CZE"]
[BlackTeamCountry "CZE"]

1. d4 Nf6 2. Nc3 d5 3. Bf4 c5 4. e3 Qa5 5. Qd2 e6 6. Nb5 Qxd2+ 7. Kxd2 Ne4+ 8. Ke1 Na6 9. f3 g5 10. Nc7+ Nxc7 11. Bxc7 Nd6 12. dxc5 Nf5 13. Be5 Rg8 14. Bd3 Bxc5 15. Bxf5 exf5 16. Bd4 Bd6 17. Kf2 f4 18. exf4 Bxf4 19. Ne2 Bd6 20. Ng3 Be6 21. Nh5 Rg6 22. Rae1 Kd8 23. g4 b6 24. h4 Rc8 25. c3 h6 26. hxg5 hxg5 27. Ng7 Bd7 28. Rh7 Bf8 29. Nf5 Be6 30. Be3 Kd7 31. Nd4 Be7 32. Kg2 Rcg8 33. Bd2 a6 34. Reh1 b5 35. a3 R6g7 36. Rxg7 Rxg7 37. Rh8 Bd8 38. Nb3 Ke7 39. Be3 f6 40. Bd4 Rf7 41. Bc5+ Kd7 42. Nd4 Bc7 43. Ra8 Rh7 44. Ra7 Bg8 45. Bb6 Kd6 46. Nf5+ Kc6 47. Bxc7 Rxc7 48. Ne7+ 1-0

[Event "CZE-chT2B 2223"]
[Site "Czech Republic"]
[Date "2023.03.05"]
[Round "10.8"]
[White "Hejsek, Lukas"]
[Black "Vicar, Petr"]
[Result "1-0"]
[WhiteElo "1960"]
[BlackElo "2119"]
[PlyCount "67"]
[EventDate "2022.10.16"]
[EventType "team-tourn"]
[EventRounds "11"]
[EventCountry "CZE"]
[SourceTitle "EXT 2024"]
[Source "ChessBase"]
[SourceDate "2023.10.10"]
[SourceVersion "1"]
[SourceVersionDate "2023.10.10"]
[SourceQuality "1"]
[WhiteTeam "Bohemians"]
[BlackTeam "Pankrac II"]
[WhiteTeamCountry "CZE"]
[BlackTeamCountry "CZE"]

1. d4 Nf6 2. Nf3 g6 3. g3 Bg7 4. Bg2 0-0 5. c4 d6 6. Nc3 Nbd7 7. 0-0 c6 8. h3 Qc7 9. e4 e5 10. Be3 Rd8 11. Qe2 exd4 12. Nxd4 Nc5 13. Rad1 Ne6 14. f4 Nh5 15. Nxe6 Bxe6 16. Bf2 Qa5 17. Rc1 Qb4 18. Nd1 Rac8 19. Kh2 b5 20. cxb5 cxb5 21. Rxc8 Rxc8 22. b3 a5 23. Ne3 a4 24. f5 Bxb3 25. axb3 Qxb3 26. fxg6 hxg6 27. e5 Bxe5 28. Bd5 Qb2 29. Qg4 Kg7 30. Qxc8 Nxg3 31. Kg2 Nxf1 32. Kxf1 Qa1+ 33. Kg2 Qd4 34. Nf5+ 1-0

[Event "CZE-chT2A 1920"]
[Site "Czech Republic"]
[Date "2019.12.15"]
[Round "5.8"]
[White "Reichel, Tomas"]
[Black "Vicar, Petr"]
[Result "0-1"]
[WhiteElo "1891"]
[BlackElo "2096"]
[PlyCount "58"]
[EventDate "2019.10.13"]
[EventType "team-tourn"]
[EventRounds "11"]
[EventCountry "CZE"]
[SourceTitle "EXT 2024"]
[Source "ChessBase"]
[SourceDate "2023.10.10"]
[SourceVersion "1"]
[SourceVersionDate "2023.10.10"]
[SourceQuality "1"]
[WhiteTeam "Unichess Reserve"]
[BlackTeam "Pankrac II"]
[WhiteTeamCountry "CZE"]
[BlackTeamCountry "CZE"]

1. e4 e6 2. d4 d5 3. e5 c5 4. c3 Nc6 5. Nf3 Qb6 6. a3 Bd7 7. b4 cxd4 8. cxd4 Rc8 9. Bb2 Na5 10. Nbd2 Nc4 11. Nxc4 dxc4 12. Rc1 Qa6 13. d5 exd5 14. Qxd5 Ne7 15. Qe4 b5 16. Qd4 Nf5 17. Qc3 Be7 18. Nd4 Qg6 19. Nxf5 Bxf5 20. g3 0-0 21. Bg2 Bd3 22. f4 Bd8 23. Qd4 Bb6 24. Qd5 Rfd8 25. Qf3 Bf5 26. Qb7 Rc7 27. Qf3 Rd3 28. Qa8+ Rc8 29. Qb7 Re3+ 0-1

[Event "CZE-chT2C 1819"]
[Site "Czech Republic"]
[Date "2019.03.31"]
[Round "11.7"]
[White "Erban, Tomas"]
[Black "Vicar, Petr"]
[Result "1-0"]
[WhiteElo "2058"]
[BlackElo "2125"]
[PlyCount "31"]
[EventDate "2018.10.14"]
[EventType "team-tourn"]
[EventRounds "11"]
[EventCountry "CZE"]
[SourceTitle "EXT 2022"]
[Source "ChessBase"]
[SourceDate "2021.10.06"]
[SourceVersion "1"]
[SourceVersionDate "2021.10.06"]
[SourceQuality "1"]
[WhiteTeam "Praha Vrsovice"]
[BlackTeam "Pankrac II"]
[WhiteTeamCountry "CZE"]
[BlackTeamCountry "CZE"]

1. d4 Nf6 2. Nf3 g6 3. g3 Bg7 4. Bg2 0-0 5. 0-0 d5 6. c4 c6 7. Nc3 Qa5 8. Ne5 Bf5 9. Qb3 Nbd7 10. Qxb7 Nxe5 11. dxe5 Nd7 12. cxd5 Nxe5 13. dxc6 Rac8 14. Bf4 Rfd8 15. Rad1 Re8 16. Rd5 1-0

[Event "CZE-chT2E 1819"]
[Site "Czech Republic"]
[Date "2018.10.14"]
[Round "1.3"]
[White "Vicar, Petr"]
[Black "Londin, Simon"]
[Result "0-1"]
[WhiteElo "2138"]
[BlackElo "2023"]
[PlyCount "64"]
[EventDate "2018.10.14"]
[EventType "team-tourn"]
[EventRounds "11"]
[EventCountry "CZE"]
[SourceTitle "EXT 2022"]
[Source "ChessBase"]
[SourceDate "2021.10.06"]
[SourceVersion "1"]
[SourceVersionDate "2021.10.06"]
[SourceQuality "1"]
[WhiteTeam "Veseli nad Moravou"]
[BlackTeam "Prostejov"]
[WhiteTeamCountry "CZE"]
[BlackTeamCountry "CZE"]

1. e4 c5 2. Nf3 g6 3. d4 cxd4 4. Nxd4 Nc6 5. Nc3 Bg7 6. Be3 Nf6 7. Bc4 Qa5 8. 0-0 0-0 9. Bb3 d6 10. f3 Bd7 11. Nce2 Rfc8 12. c3 Ne5 13. Kh1 b5 14. f4 Nc4 15. Bxc4 bxc4 16. Ng3 Rab8 17. Qe2 h5 18. h4 Ng4 19. Bg1 e5 20. fxe5 Bxe5 21. Qf3 Rf8 22. b4 Qd8 23. Nge2 Qxh4+ 24. Qh3 Qxh3+ 25. gxh3 Nf6 26. Kg2 Nxe4 27. Be3 f5 28. Nf4 g5 29. Nd5 f4 30. Bg1 g4 31. hxg4 hxg4 32. Bh2 f3+ 0-1

[Event "Prague Pankrac Cup"]
[Site "Prague"]
[Date "2017.10.31"]
[Round "7"]
[White "Smid, Miroslav"]
[Black "Vicar, Petr"]
[Result "1-0"]
[WhiteElo "2261"]
[BlackElo "2122"]
[PlyCount "83"]
[EventDate "2017.09.19"]
[EventType "swiss"]
[EventRounds "7"]
[EventCountry "CZE"]
[SourceTitle "EXT 2019"]
[Source "ChessBase"]
[SourceDate "2018.10.10"]
[SourceVersion "1"]
[SourceVersionDate "2018.10.10"]
[SourceQuality "1"]

1. e4 e6 2. d4 d5 3. e5 c5 4. c3 Nc6 5. Nf3 Qb6 6. a3 Bd7 7. b4 cxd4 8. cxd4 Rc8 9. Be3 Nge7 10. Bd3 Nf5 11. 0-0 Be7 12. Nbd2 0-0 13. Nb3 Nb8 14. Qb1 Bb5 15. Bxf5 exf5 16. Re1 Qg6 17. Nc5 b6 18. Nd3 Bxd3 19. Qxd3 Qe6 20. Rec1 Rxc1+ 21. Rxc1 Rc8 22. Rxc8+ Qxc8 23. g3 g6 24. Kg2 Qc6 25. Qb3 b5 26. Bg5 Bf8 27. Qe3 Nd7 28. Bd8 Qc8 29. Qg5 h6 30. Qh4 g5 31. Bxg5 hxg5 32. Nxg5 Bg7 33. Qh7+ Kf8 34. Qxf5 Qe8 35. e6 Nf6 36. exf7 Qd7 37. Qe5 Ne4 38. Ne6+ Kxf7 39. Nxg7 Kg6 40. Ne6 Kf7 41. Ng5+ Nxg5 42. Qxg5 1-0

[Event "Prague Pankrac Cup"]
[Site "Prague"]
[Date "2017.10.10"]
[Round "4"]
[White "Vicar, Petr"]
[Black "Rasik, Vitezslav"]
[Result "1/2-1/2"]
[WhiteElo "2122"]
[BlackElo "2468"]
[PlyCount "199"]
[EventDate "2017.09.19"]
[EventType "swiss"]
[EventRounds "7"]
[EventCountry "CZE"]
[SourceTitle "EXT 2019"]
[Source "ChessBase"]
[SourceDate "2018.10.10"]
[SourceVersion "1"]
[SourceVersionDate "2018.10.10"]
[SourceQuality "1"]

1. e4 c5 2. Nf3 e6 3. d4 cxd4 4. Nxd4 Nf6 5. Nc3 d6 6. Be2 Be7 7. 0-0 0-0 8. Be3 a6 9. f4 Qc7 10. Bf3 Nc6 11. g4 Nxd4 12. Qxd4 e5 13. Qd1 exf4 14. Bxf4 Qb6+ 15. Kh1 Qxb2 16. Qd3 Re8 17. g5 Ng4 18. Rab1 Qa3 19. Nd5 Qxd3 20. cxd3 Bd8 21. Bxd6 Ne5 22. Be2 b5 23. h4 Be6 24. Nc7 Bxc7 25. Bxc7 Nc6 26. a3 Nd4 27. Bd1 Re7 28. Bb6 Rd7 29. Rc1 g6 30. Rf2 a5 31. Rb2 a4 32. Rc3 Nb3 33. Bxb3 axb3 34. Bc5 Rc7 35. d4 Rxa3 36. d5 Ra1+ 37. Kh2 Bxd5 38. exd5 Ra2 39. Rcxb3 Rxb2+ 40. Rxb2 Rxc5 41. d6 Kf8 42. Ra2 Ke8 43. Ra7 b4 44. Rb7 Rc4 45. Kg3 Rd4 46. Re7+ Kf8 47. Rb7 Kg7 48. d7 h6 49. Rxb4 Rxd7 50. Rb6 Rd3+ 51. Kf4 Rh3 52. Kg4 Rh1 53. Rb5 Rg1+ 54. Kh3 Kh7 55. Ra5 Kg8 56. Ra8+ Kg7 57. Ra5 Rf1 58. Kg3 Rg1+ 59. Kh3 Rd1 60. Kg3 Rd3+ 61. Kg2 Re3 62. Rb5 h5 63. Rb4 Kf8 64. Rb7 Rd3 65. Ra7 Ke8 66. Rb7 Rd7 67. Rb4 Rd3 68. Rb7 Rd7 69. Rb4 Rd2+ 70. Kg3 Ke7 71. Rb6 Rd3+ 72. Kg2 Rd6 73. Rb7+ Ke6 74. Rb5 Rd5 75. Rb6+ Kf5 76. Rb4 Rd2+ 77. Kg3 Rd3+ 78. Kf2 Ke5 79. Rb7 Ke6 80. Rb4 Kf5 81. Ra4 Rb3 82. Rc4 Ke5 83. Ra4 Rd3 84. Ra7 Ke6 85. Ra4 Kf5 86. Rb4 Ke5 87. Rb7 Rd4 88. Kg3 Rg4+ 89. Kh3 Rf4 90. Re7+ Kd6 91. Ra7 Ke6 92. Ra6+ Kf5 93. Ra5+ Ke4 94. Ra4+ Ke3 95. Ra3+ Kf2 96. Ra2+ Kg1 97. Ra1+ Rf1 98. Ra3 Rf4 99. Ra1+ Rf1 100. Ra3 1/2-1/2

[Event "Prague Pankrac Cup"]
[Site "Prague"]
[Date "2017.09.19"]
[Round "1"]
[White "Matras, Ondrej"]
[Black "Vicar, Petr"]
[Result "1/2-1/2"]
[WhiteElo "2264"]
[BlackElo "2122"]
[PlyCount "77"]
[EventDate "2017.09.19"]
[EventType "swiss"]
[EventRounds "7"]
[EventCountry "CZE"]
[SourceTitle "EXT 2019"]
[Source "ChessBase"]
[SourceDate "2018.10.10"]
[SourceVersion "1"]
[SourceVersionDate "2018.10.10"]
[SourceQuality "1"]

1. d4 Nf6 2. c4 g6 3. Nc3 d5 4. cxd5 Nxd5 5. e4 Nxc3 6. bxc3 Bg7 7. Bc4 c5 8. Ne2 cxd4 9. cxd4 Nc6 10. Be3 Qa5+ 11. Qd2 Qxd2+ 12. Kxd2 0-0 13. Rab1 Rd8 14. Bd5 e6 15. Bxc6 bxc6 16. Rhc1 e5 17. Rxc6 exd4 18. Bg5 Re8 19. f3 f5 20. Ng3 fxe4 21. Nxe4 Bf5 22. Rb7 Rxe4 23. fxe4 Bxe4 24. Rxg7+ Kxg7 25. Rc7+ Kg8 26. Bf6 h5 27. Bxd4 a6 28. Ke3 Re8 29. Kf4 Bd3 30. Kg5 Re6 31. Bc5 Re5+ 32. Kh6 h4 33. Rg7+ Kh8 34. Rh7+ Kg8 35. Rh8+ Kxh8 36. Bd4 Kg8 37. Bxe5 Kf7 38. Kg5 Bf1 39. Kxh4 1/2-1/2

[Event "CZE-chT2A 1617"]
[Site "Czech Republic"]
[Date "2017.03.19"]
[Round "10.8"]
[White "Vicar, Petr"]
[Black "Pospech, Radim"]
[Result "1-0"]
[WhiteElo "2088"]
[BlackElo "2074"]
[PlyCount "121"]
[EventDate "2016.10.09"]
[EventType "team-tourn"]
[EventRounds "11"]
[EventCountry "CZE"]
[SourceTitle "EXT 2022"]
[Source "ChessBase"]
[SourceDate "2021.10.06"]
[SourceVersion "1"]
[SourceVersionDate "2021.10.06"]
[SourceQuality "1"]
[WhiteTeam "Pankrac II"]
[BlackTeam "Praha Dukla"]
[WhiteTeamCountry "CZE"]
[BlackTeamCountry "CZE"]

1. e4 c5 2. Nf3 d6 3. Bb5+ Bd7 4. Bxd7+ Qxd7 5. 0-0 g6 6. c4 Bg7 7. Nc3 Nc6 8. Re1 e6 9. d3 Nge7 10. Bf4 0-0 11. Qd2 Rfe8 12. Rad1 a6 13. b3 Rad8 14. h3 b6 15. Bg3 Qb7 16. Nh2 b5 17. Ng4 b4 18. Ne2 Rf8 19. Bh4 f6 20. Ne3 g5 21. Bg3 f5 22. exf5 exf5 23. f4 Nd4 24. Kh1 g4 25. hxg4 fxg4 26. Nxd4 cxd4 27. Nxg4 Nf5 28. Bf2 Qd7 29. Qe2 Rde8 30. Qf3 Kh8 31. Rxe8 Qxe8 32. Re1 Qg6 33. Nh2 Re8 34. g4 Rxe1+ 35. Bxe1 Qe8 36. Bxb4 Nh4 37. Qe4 Qxe4+ 38. dxe4 d3 39. Nf1 Bd4 40. Kh2 Ng6 41. Kg3 Kg8 42. f5 Be5+ 43. Kf3 Ne7 44. Ke3 Nc6 45. Bd2 Bf6 46. Nh2 Ne5 47. Kf4 h6 48. Nf3 Nc6 49. Ke3 Kg7 50. Kxd3 Kf7 51. Bxh6 Nb4+ 52. Ke2 Nxa2 53. Bd2 Nc3+ 54. Bxc3 Bxc3 55. Ng5+ Kf6 56. Ne6 Kf7 57. g5 Bb2 58. Kf3 Be5 59. Kg4 Bc3 60. Kh5 Bd2 61. Kh6 1-0

[Event "CZE-chT2A 1617"]
[Site "Czech Republic"]
[Date "2017.01.15"]
[Round "6.4"]
[White "Vicar, Petr"]
[Black "Soukup, Alois"]
[Result "1-0"]
[WhiteElo "2088"]
[BlackElo "2118"]
[PlyCount "77"]
[EventDate "2016.10.09"]
[EventType "team-tourn"]
[EventRounds "11"]
[EventCountry "CZE"]
[SourceTitle "EXT 2022"]
[Source "ChessBase"]
[SourceDate "2021.10.06"]
[SourceVersion "1"]
[SourceVersionDate "2021.10.06"]
[SourceQuality "1"]
[WhiteTeam "Pankrac II"]
[BlackTeam "Plzen Kosutka"]
[WhiteTeamCountry "CZE"]
[BlackTeamCountry "CZE"]

1. e4 c5 2. Nf3 Nc6 3. d4 cxd4 4. Nxd4 g6 5. Be2 Bg7 6. Be3 Nf6 7. Nc3 d6 8. 0-0 0-0 9. Re1 Bd7 10. Qd2 a6 11. f3 Rc8 12. Nxc6 Bxc6 13. Nd5 e6 14. Nb6 Rc7 15. Rad1 Ne8 16. c4 Qf6 17. Rb1 Qe7 18. Red1 f5 19. exf5 Rxf5 20. b4 Be5 21. f4 Bg7 22. Bd3 Rh5 23. Bf2 Nf6 24. Qe2 d5 25. Bc5 Qe8 26. Re1 Ne4 27. cxd5 Nxc5 28. bxc5 Bxd5 29. g4 Bd4+ 30. Kf1 Rh3 31. Nxd5 Rxc5 32. Bc4 Qf7 33. Kg2 Rh4 34. Nb6 Qxf4 35. Qxe6+ Kg7 36. Qe7+ Kh8 37. Qxh4 Rg5 38. Re8+ Kg7 39. Rg8+ 1-0

[Event "CZE-chT2E 1213"]
[Site "Czech Republic"]
[Date "2012.11.04"]
[Round "2.3"]
[White "Vicar, Petr"]
[Black "Fusek, Lukas"]
[Result "0-1"]
[WhiteElo "2086"]
[BlackElo "1986"]
[PlyCount "62"]
[EventDate "2012.10.14"]
[EventType "team-tourn"]
[EventRounds "11"]
[EventCountry "CZE"]
[SourceTitle "EXT 2016"]
[Source "ChessBase"]
[SourceDate "2015.10.08"]
[SourceVersion "1"]
[SourceVersionDate "2015.10.08"]
[SourceQuality "1"]
[WhiteTeam "Veseli nad Moravou"]
[BlackTeam "Stare Mesto III"]
[WhiteTeamCountry "CZE"]
[BlackTeamCountry "CZE"]

1. e4 e5 2. Nc3 Nf6 3. f4 d5 4. exd5 Nxd5 5. fxe5 Nxc3 6. bxc3 Qh4+ 7. Ke2 Qe4+ 8. Kf2 Qxe5 9. Nf3 Qf6 10. Bb5+ c6 11. Re1+ Be7 12. d4 h6 13. Ba3 Be6 14. Bxe7 Qxe7 15. Bc4 0-0 16. Bxe6 fxe6 17. Qe2 Rf6 18. Rab1 b6 19. Qe4 Qd6 20. Kg1 Nd7 21. Re3 Rc8 22. c4 Nf8 23. Ne5 c5 24. c3 cxd4 25. cxd4 Nd7 26. Rbe1 Qc7 27. Ng4 Rf7 28. Qg6 Qf4 29. Re4 Nf8 30. Qh5 Qd2 31. Ne5 Qf2+ 0-1

[Event "CZE-chT2E 1213"]
[Site "Czech Republic"]
[Date "2012.10.14"]
[Round "1.3"]
[White "Holemar, David"]
[Black "Vicar, Petr"]
[Result "1-0"]
[WhiteElo "2272"]
[BlackElo "2086"]
[PlyCount "57"]
[EventDate "2012.10.14"]
[EventType "team-tourn"]
[EventRounds "11"]
[EventCountry "CZE"]
[SourceTitle "EXT 2016"]
[Source "ChessBase"]
[SourceDate "2015.10.08"]
[SourceVersion "1"]
[SourceVersionDate "2015.10.08"]
[SourceQuality "1"]
[WhiteTeam "Brno Moravska Slavia"]
[BlackTeam "Veseli nad Moravou"]
[WhiteTeamCountry "CZE"]
[BlackTeamCountry "CZE"]

1. Nf3 d5 2. d4 Nf6 3. e3 g6 4. Bd3 Bg7 5. 0-0 0-0 6. Nbd2 c5 7. c3 Nbd7 8. Qe2 Qc7 9. b3 e5 10. dxe5 Nxe5 11. Nxe5 Qxe5 12. Bb2 Bf5 13. Nf3 Bxd3 14. Qxd3 Qe6 15. c4 dxc4 16. Qxc4 Qxc4 17. bxc4 Rfd8 18. Rab1 b6 19. Bxf6 Bxf6 20. Rfd1 Kf8 21. Kf1 Ke7 22. Ke2 Rxd1 23. Rxd1 Rb8 24. Rd5 Rb7 25. Kd3 Ke6 26. g4 Be7 27. Ke4 b5 28. cxb5 Rxb5 29. Nd4+ 1-0

[Event "CZE-chT2E 1011"]
[Site "Czech Republic"]
[Date "2011.03.27"]
[Round "10.5"]
[White "Studeny, Radovan"]
[Black "Vicar, Petr"]
[Result "1-0"]
[WhiteElo "2095"]
[BlackElo "2003"]
[PlyCount "81"]
[EventDate "2010.10.17"]
[EventType "team-tourn"]
[EventRounds "11"]
[EventCountry "CZE"]
[SourceTitle "EXT 2012"]
[Source "ChessBase"]
[SourceDate "2011.11.24"]
[SourceVersion "1"]
[SourceVersionDate "2011.11.24"]
[SourceQuality "1"]
[WhiteTeam "Stare Mesto II"]
[BlackTeam "Veseli nad Moravou"]
[WhiteTeamCountry "CZE"]
[BlackTeamCountry "CZE"]

1. e4 e6 2. d4 d5 3. Nd2 Nf6 4. e5 Nfd7 5. Bd3 b6 6. f4 Ba6 7. Ndf3 c5 8. c3 cxd4 9. Bxa6 Nxa6 10. cxd4 Rc8 11. a3 b5 12. Ne2 Be7 13. 0-0 0-0 14. Qd3 Qb6 15. f5 f6 16. exf6 Bxf6 17. fxe6 Qxe6 18. Qxb5 Rb8 19. Nf4 Rxb5 20. Nxe6 Rc8 21. b4 Rc6 22. Nf4 Nc7 23. Be3 Ne6 24. Rac1 Rxc1 25. Rxc1 Nxf4 26. Bxf4 Nb6 27. Rc7 a5 28. Rb7 axb4 29. a4 b3 30. axb5 Bxd4+ 31. Kf1 Nc4 32. Re7 Bc3 33. Bc1 d4 34. Ke2 b2 35. Bxb2 Nxb2 36. Ne5 Kf8 37. Re6 Na4 38. Rc6 Ke7 39. b6 d3+ 40. Nxd3 Bd4 41. b7 1-0

[Event "CZE-chT2E 1011"]
[Site "Czech Republic"]
[Date "2011.03.06"]
[Round "9.5"]
[White "Vicar, Petr"]
[Black "Havranek, Michal"]
[Result "1-0"]
[WhiteElo "2003"]
[BlackElo "2029"]
[PlyCount "57"]
[EventDate "2010.10.17"]
[EventType "team-tourn"]
[EventRounds "11"]
[EventCountry "CZE"]
[SourceTitle "EXT 2012"]
[Source "ChessBase"]
[SourceDate "2011.11.24"]
[SourceVersion "1"]
[SourceVersionDate "2011.11.24"]
[SourceQuality "1"]
[WhiteTeam "Veseli nad Moravou"]
[BlackTeam "Borsice"]
[WhiteTeamCountry "CZE"]
[BlackTeamCountry "CZE"]

1. e4 c6 2. d4 d5 3. f3 dxe4 4. fxe4 e5 5. Nf3 Bg4 6. Bc4 exd4 7. Bxf7+ Kxf7 8. Ne5+ Ke8 9. Qxg4 Qa5+ 10. Nd2 Qxe5 11. Qc8+ Kf7 12. Qxb7+ Be7 13. 0-0+ Nf6 14. Qxa8 Kg6 15. Qxa7 Nbd7 16. Qa6 Qc5 17. Qd3 Ne5 18. Qg3+ Kf7 19. Nb3 Qd6 20. Bf4 Ke6 21. Na5 d3 22. Bxe5 Qc5+ 23. Kh1 Qxa5 24. Bc3 Bb4 25. Bxf6 gxf6 26. cxd3 Bd6 27. Qf3 Be5 28. Qf5+ Ke7 29. d4 1-0

[Event "CZE-chT2E 1011"]
[Site "Czech Republic"]
[Date "2011.02.20"]
[Round "8.5"]
[White "Loubal, Pavel"]
[Black "Vicar, Petr"]
[Result "1/2-1/2"]
[WhiteElo "2026"]
[BlackElo "2003"]
[PlyCount "120"]
[EventDate "2010.10.17"]
[EventType "team-tourn"]
[EventRounds "11"]
[EventCountry "CZE"]
[SourceTitle "EXT 2012"]
[Source "ChessBase"]
[SourceDate "2011.11.24"]
[SourceVersion "1"]
[SourceVersionDate "2011.11.24"]
[SourceQuality "1"]
[WhiteTeam "Adamov"]
[BlackTeam "Veseli nad Moravou"]
[WhiteTeamCountry "CZE"]
[BlackTeamCountry "CZE"]

1. d4 d5 2. c4 c6 3. Nf3 Nf6 4. Nc3 e6 5. cxd5 exd5 6. Bg5 Be7 7. Qc2 Nbd7 8. e3 h6 9. Bh4 0-0 10. Bd3 Re8 11. 0-0 Ne4 12. Bxe7 Qxe7 13. b4 Ndf6 14. b5 c5 15. Rac1 cxd4 16. Nxd4 Bd7 17. Nxe4 dxe4 18. Bc4 Rac8 19. Qb3 Ng4 20. Rcd1 Red8 21. Bd5 Be8 22. h3 Qe5 23. hxg4 Rxd5 24. a4 Rdc5 25. Nf5 Rc3 26. Qd5 Qxd5 27. Rxd5 Kf8 28. Nd6 R8c7 29. Rfd1 a6 30. Nxe8 Kxe8 31. Re5+ Re7 32. Rxe7+ Kxe7 33. bxa6 bxa6 34. Rd4 Ra3 35. Kh2 Ke6 36. Rxe4+ Kf6 37. Kg3 g6 38. Rc4 a5 39. Kf3 Ke6 40. g3 Kd5 41. Rf4 Ke6 42. Rd4 Ke5 43. Re4+ Kf6 44. Rc4 Ke6 45. Ke4 Kd6 46. Rd4+ Ke6 47. f4 Kf6 48. Rc4 Ke6 49. f5+ Kf6 50. Kf4 Ke7 51. Rc7+ Ke8 52. Rc4 Ke7 53. Re4+ Kf6 54. Rc4 Ke7 55. Ke4 Kf6 56. Kf4 Ke7 57. Rc7+ Ke8 58. Rc4 Ke7 59. Rc7+ Ke8 60. Rc4 Ke7 1/2-1/2

[Event "CZE-chT2e 0506"]
[Site "Czech Republic"]
[Date "2005.12.04"]
[Round "4.7"]
[White "Ruzicka, Milan"]
[Black "Vicar, Petr"]
[Result "0-1"]
[WhiteElo "2092"]
[BlackElo "1919"]
[PlyCount "98"]
[EventDate "2005.10.16"]
[EventType "team"]
[EventRounds "11"]
[EventCountry "CZE"]
[SourceTitle "EXT 2008"]
[Source "ChessBase"]
[SourceDate "2007.11.25"]
[SourceVersion "1"]
[SourceVersionDate "2007.11.25"]
[SourceQuality "1"]

1. d4 d5 2. Nf3 Nf6 3. Bf4 e6 4. e3 c5 5. c3 Nc6 6. Bd3 Be7 7. Nbd2 0-0 8. Ne5 Bd7 9. Qf3 Rc8 10. Qh3 h6 11. Ndf3 Ne4 12. Bxh6 gxh6 13. Qxh6 Bf6 14. Bxe4 dxe4 15. Nxd7 Bg7 16. Qh5 Qxd7 17. Ng5 Rfd8 18. Qh7+ Kf8 19. Nxe4 cxd4 20. exd4 e5 21. dxe5 Nxe5 22. 0-0 Qg4 23. f3 Qf4 24. Rfe1 Nd3 25. Re2 Qe5 26. Rf1 Rc6 27. Qh4 Re8 28. g4 Rh6 29. Qg3 Nf4 30. Rd2 Rh3 31. Qf2 b6 32. Rfd1 Ne6 33. Rd5 Qf4 34. Rf5 Qc7 35. Qg2 Rh6 36. Nd6 Re7 37. Qd2 Rd7 38. Rd5 Rg6 39. h4 Rf6 40. Qe3 Bh8 41. g5 Rf4 42. g6 Rf6 43. gxf7 Rdxf7 44. f4 Rg6+ 45. Kh1 Rxf4 46. Nf5 Rf6 47. Re1 Qc6 48. Qd3 R4xf5 49. Rxe6 Qxd5+ 0-1

[Event "CZE-chT2e 0506"]
[Site "Czech Republic"]
[Date "2005.11.20"]
[Round "3.6"]
[White "Hodovsky, Jiri"]
[Black "Vicar, Petr"]
[Result "1/2-1/2"]
[WhiteElo "2110"]
[BlackElo "1919"]
[PlyCount "49"]
[EventDate "2005.10.16"]
[EventType "team"]
[EventRounds "11"]
[EventCountry "CZE"]
[SourceTitle "EXT 2008"]
[Source "ChessBase"]
[SourceDate "2007.11.25"]
[SourceVersion "1"]
[SourceVersionDate "2007.11.25"]
[SourceQuality "1"]

1. Nf3 d5 2. d4 Nf6 3. g3 e6 4. Bg2 c5 5. c3 Nc6 6. 0-0 Be7 7. a3 a5 8. Bg5 h6 9. Bxf6 Bxf6 10. dxc5 Qe7 11. Nbd2 0-0 12. e4 Qxc5 13. exd5 exd5 14. Rc1 Bf5 15. b4 axb4 16. axb4 Qb6 17. Nb3 Rfd8 18. Nbd4 Be4 19. Nxc6 bxc6 20. Nd4 c5 21. bxc5 Qxc5 22. Bxe4 dxe4 23. Qe2 Bxd4 24. cxd4 Qxd4 25. Rc4 1/2-1/2

[Event "Bohemia South-chT 0405"]
[Site "Czech Republic"]
[Date "2005.??.??"]
[Round "?"]
[White "Crhonek, Vitezslav"]
[Black "Vicar, Petr"]
[Result "1-0"]
[WhiteElo "1870"]
[BlackElo "1920"]
[PlyCount "111"]
[EventDate "2004.10.??"]
[EventType "team"]
[EventRounds "11"]
[EventCountry "CZE"]
[SourceTitle "EXT 2007"]
[Source "ChessBase"]
[SourceDate "2006.11.23"]
[SourceVersion "1"]
[SourceVersionDate "2006.11.23"]
[SourceQuality "1"]

1. c4 e5 2. Nc3 Nf6 3. Nf3 Nc6 4. g3 Bc5 5. Bg2 0-0 6. 0-0 d6 7. Na4 Bb6 8. Nxb6 axb6 9. d3 h6 10. h3 Bf5 11. e4 Be6 12. Be3 Nd7 13. Qd2 f5 14. exf5 Rxf5 15. Nh4 Rf6 16. Nf3 Qf8 17. Qe2 Qf7 18. b3 Nf8 19. d4 Bxh3 20. Bxh3 Rxf3 21. Bg4 Rf6 22. d5 Ne7 23. Kg2 Nf5 24. Bd2 Nd4 25. Qe4 Qg6 26. Qxg6 Nxg6 27. Bd1 c6 28. Bc3 c5 29. Bd2 b5 30. Be3 b4 31. Bxd4 exd4 32. f4 Ne7 33. g4 g6 34. Bc2 Kf7 35. Rh1 Rxf4 36. Kg3 Rf6 37. Rxh6 Kg7 38. Rah1 Rxa2 39. Rh8 Ng8 40. g5 Rf7 41. Bxg6 Kxg6 42. Rxg8+ Rg7 43. Rf8 Kxg5 44. Kf3 Rg6 45. Rg1+ Kh6 46. Rd1 Rc2 47. Rf7 Rh2 48. Rxb7 Rh3+ 49. Kf4 Rf6+ 50. Kg4 Rxb3 51. Rh1+ Kg6 52. Rbh7 Rg3+ 53. Kxg3 Kf5 54. Rf1+ Kg6 55. Rh6+ Kxh6 56. Rxf6+ 1-0

[Event "Bohemia South-chT 0405"]
[Site "Czech Republic"]
[Date "2004.??.??"]
[Round "?"]
[White "Zemanek, Jaroslav"]
[Black "Vicar, Petr"]
[Result "1/2-1/2"]
[WhiteElo "1870"]
[BlackElo "1920"]
[PlyCount "57"]
[EventDate "2004.10.??"]
[EventType "team"]
[EventRounds "11"]
[EventCountry "CZE"]
[SourceTitle "EXT 2007"]
[Source "ChessBase"]
[SourceDate "2006.11.23"]
[SourceVersion "1"]
[SourceVersionDate "2006.11.23"]
[SourceQuality "1"]

1. Nf3 d5 2. c4 c6 3. b3 Bf5 4. g3 Nf6 5. Bb2 Nbd7 6. Bg2 h6 7. d3 e6 8. 0-0 Be7 9. Nbd2 0-0 10. Rc1 Re8 11. Rc2 a5 12. a3 Qb6 13. Qa1 Bf8 14. Rb1 Ng4 15. Rf1 c5 16. e4 Bh7 17. h3 Ngf6 18. Re1 dxe4 19. dxe4 a4 20. Rc3 Qa6 21. Rce3 Nb6 22. Ne5 Red8 23. Qc1 Nfd7 24. Ng4 axb3 25. Qc3 Na4 26. Nxh6+ Kh8 27. Nxf7+ Kg8 28. Nh6+ Kh8 29. Nf7+ 1/2-1/2